Kerala Quiz-Level1 - Statistics

General Stats
  • This quiz has been taken 74 times
  • The average score is 9 of 23
Answer Stats
Hint Answer % Correct
What is the staple food of Kerala? rice
76%
Which sea borders Kerala on the west? arabian sea
75%
Which Kerala city is known as the 'Queen of the Arabian Sea'? kochi
74%
Which spice is Kerala most famous for? pepper
60%
Which is the smallest district in Kerala by area? alappuzha
56%
Which crop is Kerala most famous for producing? coconut
53%
Which Kerala dish is traditionally served on a banana leaf? sadya
49%
What is the name of the classical martial art form of Kerala? kalaripayattu
47%
Which Kerala city is referred to as the 'Cultural Capital'? thrissur
43%
What is the traditional boat race of Kerala called? vallamkali
43%
Which district of kerala is known for its art form theyyam? kannur
41%
Which traditional Kerala dish is made with steamed rice and grated coconut? puttu
40%
Which Kerala district has the highest literacy rate? kottayam
37%
who is the father of malayalam language? ezhuthachan
34%
Which is the official flower of Kerala? kanikonna
31%
Which beach in Kerala is famous for its lighthouse? kovalam
31%
Who is the first chief minister of kerala? EMS
29%
Which district in Kerala is known as the 'Gateway to Kerala'? palakkad
28%
What is Kerala’s state fish? karimeen
26%
Which river is the longest in Kerala? bharathapuzha
22%
Which temple in Kerala is one of the richest temples in the world? padmanabhaswamy
21%
Which dam in Kerala is the largest? idukki dam
13%
Which Kerala hill station is known as the 'Ooty of Kerala'? vagamon
10%
No matching quizzes found
Score Distribution
Percent of People with Each Score
Percentile by Number Answered
Your Score History
You have not taken this quiz